000 00671cam a22002293a 4500
001 35465
003 PGUSA
005 20140828083750.0
008 110303s2011||||xxu|||||s|||||000 | eng d
040 _aPGUSA
_beng
042 _adc
050 4 _aBX
245 1 4 _aThe Irish Ecclesiastical Record, Volume 1, February, 1865
_h[electronic resource]
260 _bProject Gutenberg,
_c2011
506 _aPublic domain in the USA.
516 _aElectronic text
653 _aCatholic Church -- Ireland -- Periodicals
653 _aCatholic Church -- Periodicals
830 0 _aProject Gutenberg
_v35465
856 4 0 _uhttp://www.gutenberg.org/ebooks/35465
942 _cEB
999 _c264720
_d264720